000 01018aam a2200385 4500
005 20160921104254.0
008 150225b xxu||||| |||| 00| 0 eng d
041 _aES
082 _a005.13
_bI99c
100 _aIzquierdo Cortes, Juan
_921759
245 _aCorelDRAW 10 : iniciacion y referencia
260 _aEspaƱa
260 _bMcGraw-Hill
260 _c2001
300 _a290
650 _aLENGUAJES DE PROGRAMACION
_9372
650 _aCORELDRAW 10
_921760
650 _aDIBUJO
_97920
650 _aCOLOR
_9964
650 _aOBJETOS
_921761
650 _aTEXTO ARTISTICO
_921762
650 _aFORMA
_921763
650 _aEFECTOS ESPECIALES
_91580
650 _aTEXTO DE PARRAFO
_921764
650 _aMAPAS DE BITS
_921765
650 _aPROYECTO
_92414
650 _aPAGINAS WEB
_95529
650 _aPERSONALIZACION
_921766
650 _aCOREL PHOTOPAINT
_921767
650 _aCOREL R.A.V.E
_921768
650 _aFOTOGRAMAS
_91578
650 _aANIMACIONES
_918454
942 _cCD
942 _cBK
999 _c935
_d935